[Event "8th Arber Open"]
[Site "chess24.com"]
[Date "2019.07.27"]
[Round "1"]
[White "Fuchs, Michael"]
[Black "Kissel, Ralf"]
[Result "1-0"]
[Board "28"]
[WhiteElo "2114"]
[WhiteTeam "DJK SF Haselbach"]
[WhiteCountry "GER"]
[WhiteFideId "4693949"]
[WhiteEloChange "2"]
[BlackElo "1597"]
[BlackTeam "SK Mannheim"]
[BlackCountry "GER"]
[BlackFideId "24629871"]
[BlackEloChange "-2"]

1. e4 {[%clk 1:30:30]} e6 {[%clk 1:30:30]} 2. d3 {[%clk 1:30:30]} d5 {[%clk
1:30:30]} 3. Qe2 {[%clk 1:30:30]} Be7 {[%clk 1:30:30]} 4. Nf3 {[%clk 1:30:30]}
Nf6 {[%clk 1:30:30]} 5. e5 {[%clk 1:30:30]} Nfd7 {[%clk 1:30:30]} 6. g3 {[%clk
1:30:30]} c5 {[%clk 1:30:30]} 7. Bg2 {[%clk 1:30:30]} Nc6 {[%clk 1:30:30]} 8. h4
{[%clk 1:30:30]} Qc7 {[%clk 1:30:30]} 9. Bf4 {[%clk 1:30:30]} b5 {[%clk 1:30:30]}
10. O-O {[%clk 1:30:30]} a5 {[%clk 1:30:30]} 11. c3 {[%clk 1:30:30]} Ba6 {[%clk
1:30:30]} 12. Nbd2 {[%clk 1:30:30]} O-O {[%clk 1:30:30]} 13. Rfe1 {[%clk
1:30:30]} Rfc8 {[%clk 1:30:30]} 14. h5 {[%clk 1:30:30]} Rab8 {[%clk 1:30:30]} 15.
Nh2 {[%clk 1:30:30]} b4 {[%clk 1:30:30]} 16. Bxd5 {[%clk 1:30:30]} bxc3 {[%clk
1:30:30]} 17. bxc3 {[%clk 1:30:30]} exd5 {[%clk 1:30:30]} 18. e6 {[%clk 1:30:30]}
Qd6 {[%clk 1:30:30]} 19. exd7 {[%clk 1:30:30]} Qxd7 {[%clk 1:30:30]} 20. Bxb8
{[%clk 1:30:30]} Rxb8 {[%clk 1:30:30]} 21. Rab1 {[%clk 1:30:30]} Rxb1 {[%clk
1:30:30]} 22. Rxb1 {[%clk 1:30:30]} Qf5 {[%clk 1:30:30]} 23. Rb6 {[%clk 1:30:30]}
Bxd3 {[%clk 1:30:30]} 24. Qe1 {[%clk 1:30:30]} Ne5 {[%clk 1:30:30]} 25. f4 {[%clk
1:30:30]} Bd8 {[%clk 1:30:30]} 26. Rb8 {[%clk 1:30:30]} Qd7 {[%clk 1:30:30]} 27.
Qxe5 {[%clk 1:30:30]} h6 {[%clk 1:30:30]} 28. Qe3 {[%clk 1:30:30]} c4 {[%clk
1:30:30]} 29. Qb6 {[%clk 1:30:30]} Kh7 {[%clk 1:30:30]} 30. Qxd8 {[%clk 1:30:30]}
1-0

[Event "8th Arber Open"]
[Site "chess24.com"]
[Date "2019.07.27"]
[Round "1"]
[White "Steppuhn, Simone"]
[Black "Schmahl, Stephan"]
[Result "0-1"]
[Board "29"]
[WhiteElo "1613"]
[WhiteTeam "Br�hler SK"]
[WhiteCountry "GER"]
[WhiteFideId "12938947"]
[WhiteEloChange "-2"]
[BlackElo "2101"]
[BlackTeam "SC Bav. Regensburg"]
[BlackCountry "GER"]
[BlackFideId "4660498"]
[BlackEloChange "2"]

1. d4 {[%clk 1:30:30]} Nf6 {[%clk 1:30:30]} 2. c4 {[%clk 1:30:30]} g6 {[%clk
1:30:30]} 3. Nc3 {[%clk 1:30:30]} Bg7 {[%clk 1:30:30]} 4. e4 {[%clk 1:30:30]} d6
{[%clk 1:30:30]} 5. Be2 {[%clk 1:30:30]} O-O {[%clk 1:30:30]} 6. Nf3 {[%clk
1:30:30]} e5 {[%clk 1:30:30]} 7. dxe5 {[%clk 1:30:30]} dxe5 {[%clk 1:30:30]} 8.
Qxd8 {[%clk 1:30:30]} Rxd8 {[%clk 1:30:30]} 9. Bg5 {[%clk 1:30:30]} Re8 {[%clk
1:30:30]} 10. Nd5 {[%clk 1:30:30]} Nxd5 {[%clk 1:30:30]} 11. cxd5 {[%clk
1:30:30]} c6 {[%clk 1:30:30]} 12. Bc4 {[%clk 1:30:30]} cxd5 {[%clk 1:30:30]} 13.
Bxd5 {[%clk 1:30:30]} Nc6 {[%clk 1:30:30]} 14. Bxc6 {[%clk 1:30:30]} bxc6 {[%clk
1:30:30]} 15. O-O {[%clk 1:30:30]} Rb8 {[%clk 1:30:30]} 16. b3 {[%clk 1:30:30]}
Rb4 {[%clk 1:30:30]} 17. Rfe1 {[%clk 1:30:30]} f6 {[%clk 1:30:30]} 18. Be3 {[%clk
1:30:30]} Rxe4 {[%clk 1:30:30]} 19. Bxa7 {[%clk 1:30:30]} Bf5 {[%clk 1:30:30]}
20. Bc5 {[%clk 1:30:30]} Rxe1+ {[%clk 1:30:30]} 21. Nxe1 {[%clk 1:30:30]} Be6
{[%clk 1:30:30]} 22. Nc2 {[%clk 1:30:30]} Ra8 {[%clk 1:30:30]} 23. Kf1 {[%clk
1:30:30]} f5 {[%clk 1:30:30]} 24. Nb4 {[%clk 1:30:30]} Bxb3 {[%clk 1:30:30]} 25.
Nxc6 {[%clk 1:30:30]} Bxa2 {[%clk 1:30:30]} 26. Kg1 {[%clk 1:30:30]} e4 {[%clk
1:30:30]} 27. Rd1 {[%clk 1:30:30]} Bb3 {[%clk 1:30:30]} 28. Rd8+ {[%clk 1:30:30]}
Rxd8 {[%clk 1:30:30]} 29. Nxd8 {[%clk 1:30:30]} Bd5 {[%clk 1:30:30]} 30. Be7
{[%clk 1:30:30]} Bf8 {[%clk 1:30:30]} 31. Bf6 {[%clk 1:30:30]} Bd6 {[%clk
1:30:30]} 32. Kf1 {[%clk 1:30:30]} Kf8 {[%clk 1:30:30]} 33. Ke2 {[%clk 1:30:30]}
Be7 {[%clk 1:30:30]} 34. Bxe7+ {[%clk 1:30:30]} Kxe7 {[%clk 1:30:30]} 35. Ke3
{[%clk 1:30:30]} Kxd8 {[%clk 1:30:30]} 36. Kd4 {[%clk 1:30:30]} Bb7 {[%clk
1:30:30]} 37. Ke5 {[%clk 1:30:30]} Ke7 {[%clk 1:30:30]} 38. g3 {[%clk 1:30:30]}
Kf7 {[%clk 1:30:30]} 39. h4 {[%clk 1:30:30]} Kg7 {[%clk 1:30:30]} 40. Ke6 {[%clk
1:30:30]} Ba6 {[%clk 1:30:30]} 41. Ke5 {[%clk 1:30:30]} Be2 {[%clk 1:30:30]} 42.
Ke6 {[%clk 1:30:30]} Bg4 {[%clk 1:30:30]} 43. Ke5 {[%clk 1:30:30]} h6 {[%clk
1:30:30]} 44. Kf4 {[%clk 1:30:30]} Kf6 {[%clk 1:30:30]} 45. Ke3 {[%clk 1:30:30]}
Ke5 {[%clk 1:30:30]} 46. Kd2 {[%clk 1:30:30]} Kd4 {[%clk 1:30:30]} 47. Ke1 {[%clk
1:30:30]} e3 {[%clk 1:30:30]} 0-1

[Event "8th Arber Open"]
[Site "chess24.com"]
[Date "2019.07.27"]
[Round "1"]
[White "Bielmeier, Ludwig"]
[Black "Tiggemann, Felix"]
[Result "1-0"]
[Board "30"]
[WhiteElo "2083"]
[WhiteTeam "SV Deggendorf"]
[WhiteCountry "GER"]
[WhiteFideId "4637984"]
[WhiteEloChange "2"]
[BlackElo "1520"]
[BlackTeam "SF Sch�neck"]
[BlackCountry "GER"]
[BlackFideId "16221966"]
[BlackEloChange "-2"]

1. Nf3 {[%clk 1:30:30]} e6 {[%clk 1:30:30]} 2. g3 {[%clk 1:30:30]} d5 {[%clk
1:30:30]} 3. Bg2 {[%clk 1:30:30]} Nf6 {[%clk 1:30:30]} 4. O-O {[%clk 1:30:30]}
Bd6 {[%clk 1:30:30]} 5. c4 {[%clk 1:30:30]} c6 {[%clk 1:30:30]} 6. b3 {[%clk
1:30:30]} Nbd7 {[%clk 1:30:30]} 7. Bb2 {[%clk 1:30:30]} Qc7 {[%clk 1:30:30]} 8.
d4 {[%clk 1:30:30]} b6 {[%clk 1:30:30]} 9. Nc3 {[%clk 1:30:30]} Ba6 {[%clk
1:30:30]} 10. Nd2 {[%clk 1:30:30]} h5 {[%clk 1:30:30]} 11. e4 {[%clk 1:30:30]}
dxe4 {[%clk 1:30:30]} 12. Ncxe4 {[%clk 1:30:30]} Nxe4 {[%clk 1:30:30]} 13. Nxe4
{[%clk 1:30:30]} Be7 {[%clk 1:30:30]} 14. Re1 {[%clk 1:30:30]} Nf6 {[%clk
1:30:30]} 15. d5 {[%clk 1:30:30]} Bb4 {[%clk 1:30:30]} 16. Nxf6+ {[%clk 1:30:30]}
gxf6 {[%clk 1:30:30]} 17. Bxf6 {[%clk 1:30:30]} Rh6 {[%clk 1:30:30]} 18. Bg7
{[%clk 1:30:30]} Rh7 {[%clk 1:30:30]} 19. Be5 {[%clk 1:30:30]} Qd8 {[%clk
1:30:30]} 20. dxe6 {[%clk 1:30:30]} 1-0

[Event "8th Arber Open"]
[Site "chess24.com"]
[Date "2019.07.27"]
[Round "1"]
[White "Kottmair, Toni"]
[Black "Weis, Hans-Juergen"]
[Result "1-0"]
[Board "32"]
[WhiteElo "2086"]
[WhiteTeam "SK K�nigsbrunn"]
[WhiteCountry "GER"]
[WhiteFideId "4630033"]
[WhiteEloChange "2"]
[BlackElo "1485"]
[BlackTeam "Bille SC"]
[BlackCountry "GER"]
[BlackFideId "24661392"]
[BlackEloChange "-2"]

1. e4 {[%clk 1:30:30]} Nc6 {[%clk 1:30:30]} 2. d4 {[%clk 1:30:30]} d5 {[%clk
1:30:30]} 3. Nc3 {[%clk 1:30:30]} Nf6 {[%clk 1:30:30]} 4. e5 {[%clk 1:30:30]} Ne4
{[%clk 1:30:30]} 5. Nxe4 {[%clk 1:30:30]} dxe4 {[%clk 1:30:30]} 6. Be3 {[%clk
1:30:30]} Bf5 {[%clk 1:30:30]} 7. Ne2 {[%clk 1:30:30]} e6 {[%clk 1:30:30]} 8. Ng3
{[%clk 1:30:30]} Bg6 {[%clk 1:30:30]} 9. c3 {[%clk 1:30:30]} Be7 {[%clk 1:30:30]}
10. Be2 {[%clk 1:30:30]} Bh4 {[%clk 1:30:30]} 11. Bh5 {[%clk 1:30:30]} Bxg3
{[%clk 1:30:30]} 12. hxg3 {[%clk 1:30:30]} Qe7 {[%clk 1:30:30]} 13. Bxg6 {[%clk
1:30:30]} fxg6 {[%clk 1:30:30]} 14. Qg4 {[%clk 1:30:30]} O-O-O {[%clk 1:30:30]}
15. Bg5 {[%clk 1:30:30]} 1-0

[Event "8th Arber Open"]
[Site "chess24.com"]
[Date "2019.07.27"]
[Round "1"]
[White "Fuchs, Florian"]
[Black "Schwenkreis, Thomas"]
[Result "0-1"]
[Board "33"]
[WhiteElo "1776"]
[WhiteTeam "DJK SF Haselbach"]
[WhiteCountry "GER"]
[WhiteFideId "16213351"]
[WhiteEloChange "-3"]
[BlackElo "2048"]
[BlackTeam "SV Oberursel"]
[BlackCountry "GER"]
[BlackFideId "24610461"]
[BlackEloChange "3"]

1. e4 {[%clk 1:30:30]} e5 {[%clk 1:30:30]} 2. Nf3 {[%clk 1:30:30]} d6 {[%clk
1:30:30]} 3. d4 {[%clk 1:30:30]} Nf6 {[%clk 1:30:30]} 4. Nc3 {[%clk 1:30:30]}
Nbd7 {[%clk 1:30:30]} 5. Bc4 {[%clk 1:30:30]} Be7 {[%clk 1:30:30]} 6. Bg5 {[%clk
1:30:30]} c6 {[%clk 1:30:30]} 7. a4 {[%clk 1:30:30]} O-O {[%clk 1:30:30]} 8. O-O
{[%clk 1:30:30]} h6 {[%clk 1:30:30]} 9. Bh4 {[%clk 1:30:30]} b6 {[%clk 1:30:30]}
10. Re1 {[%clk 1:30:30]} Bb7 {[%clk 1:30:30]} 11. dxe5 {[%clk 1:30:30]} dxe5
{[%clk 1:30:30]} 12. Bg3 {[%clk 1:30:30]} Qc7 {[%clk 1:30:30]} 13. Qe2 {[%clk
1:30:30]} Rfe8 {[%clk 1:30:30]} 14. Rad1 {[%clk 1:30:30]} Bb4 {[%clk 1:30:30]}
15. Bb3 {[%clk 1:30:30]} Bxc3 {[%clk 1:30:30]} 16. bxc3 {[%clk 1:30:30]} Nc5
{[%clk 1:30:30]} 17. Nd2 {[%clk 1:30:30]} Rad8 {[%clk 1:30:30]} 18. f3 {[%clk
1:30:30]} Nh5 {[%clk 1:30:30]} 19. Bf2 {[%clk 1:30:30]} Qe7 {[%clk 1:30:30]} 20.
g3 {[%clk 1:30:30]} Ne6 {[%clk 1:30:30]} 21. f4 {[%clk 1:30:30]} Nf6 {[%clk
1:30:30]} 22. f5 {[%clk 1:30:30]} Nc5 {[%clk 1:30:30]} 23. Qc4 {[%clk 1:30:30]}
Nfd7 {[%clk 1:30:30]} 24. Qe2 {[%clk 1:30:30]} Ba6 {[%clk 1:30:30]} 25. Qf3
{[%clk 1:30:30]} Nf6 {[%clk 1:30:30]} 26. Bxc5 {[%clk 1:30:30]} Qxc5+ {[%clk
1:30:30]} 27. Kg2 {[%clk 1:30:30]} Rd7 {[%clk 1:30:30]} 28. Nf1 {[%clk 1:30:30]}
Red8 {[%clk 1:30:30]} 29. Rxd7 {[%clk 1:30:30]} Rxd7 {[%clk 1:30:30]} 30. Qe3
{[%clk 1:30:30]} Qd6 {[%clk 1:30:30]} 31. Qf3 {[%clk 1:30:30]} c5 {[%clk
1:30:30]} 32. g4 {[%clk 1:30:30]} c4 {[%clk 1:30:30]} 33. Ba2 {[%clk 1:30:30]}
Qa3 {[%clk 1:30:30]} 34. Bb1 {[%clk 1:30:30]} Qxa4 {[%clk 1:30:30]} 35. h4 {[%clk
1:30:30]} Bb7 {[%clk 1:30:30]} 36. Ng3 {[%clk 1:30:30]} Rd2+ {[%clk 1:30:30]} 37.
Kf1 {[%clk 1:30:30]} Nh7 {[%clk 1:30:30]} 38. g5 {[%clk 1:30:30]} hxg5 {[%clk
1:30:30]} 39. hxg5 {[%clk 1:30:30]} Qd7 {[%clk 1:30:30]} 40. Qh5 {[%clk 1:30:30]}
Bc8 {[%clk 1:30:30]} 41. Kg1 {[%clk 1:30:30]} Qe7 {[%clk 1:30:30]} 42. f6 {[%clk
1:30:30]} Qc5+ {[%clk 1:30:30]} 43. Kh1 {[%clk 1:30:30]} Qf2 {[%clk 1:30:30]} 44.
Rg1 {[%clk 1:30:30]} Bg4 {[%clk 1:30:30]} 0-1

[Event "8th Arber Open"]
[Site "chess24.com"]
[Date "2019.07.27"]
[Round "1"]
[White "Titz, Heimo"]
[Black "Navarro Jahnke, Eric"]
[Result "1-0"]
[Board "34"]
[WhiteElo "2048"]
[WhiteTeam "�STERREICH"]
[WhiteTitle "FM"]
[WhiteCountry "AUT"]
[WhiteFideId "1601520"]
[WhiteEloChange "2"]
[BlackElo "1259"]
[BlackTeam "MTV Ingolstadt"]
[BlackCountry "GER"]
[BlackFideId "16234138"]
[BlackEloChange "-2"]

1. c4 {[%clk 1:30:30]} e6 {[%clk 1:30:30]} 2. d4 {[%clk 1:30:30]} d5 {[%clk
1:30:30]} 3. Nc3 {[%clk 1:30:30]} Nf6 {[%clk 1:30:30]} 4. cxd5 {[%clk 1:30:30]}
exd5 {[%clk 1:30:30]} 5. Bg5 {[%clk 1:30:30]} Nbd7 {[%clk 1:30:30]} 6. e3 {[%clk
1:30:30]} c6 {[%clk 1:30:30]} 7. Qc2 {[%clk 1:30:30]} Bb4 {[%clk 1:30:30]} 8. Bd3
{[%clk 1:30:30]} Qa5 {[%clk 1:30:30]} 9. Ne2 {[%clk 1:30:30]} Qc7 {[%clk
1:30:30]} 10. O-O {[%clk 1:30:30]} O-O {[%clk 1:30:30]} 11. Bf4 {[%clk 1:30:30]}
Bd6 {[%clk 1:30:30]} 12. Nb5 {[%clk 1:30:30]} cxb5 {[%clk 1:30:30]} 13. Qxc7
{[%clk 1:30:30]} Bxc7 {[%clk 1:30:30]} 14. Bxc7 {[%clk 1:30:30]} a6 {[%clk
1:30:30]} 15. Rac1 {[%clk 1:30:30]} Ne4 {[%clk 1:30:30]} 16. Rfd1 {[%clk
1:30:30]} Ndf6 {[%clk 1:30:30]} 17. f3 {[%clk 1:30:30]} Ng5 {[%clk 1:30:30]} 18.
Rd2 {[%clk 1:30:30]} Re8 {[%clk 1:30:30]} 19. Kf2 {[%clk 1:30:30]} Bd7 {[%clk
1:30:30]} 20. Be5 {[%clk 1:30:30]} Bc6 {[%clk 1:30:30]} 21. Bxf6 {[%clk 1:30:30]}
gxf6 {[%clk 1:30:30]} 22. Ng3 {[%clk 1:30:30]} Rac8 {[%clk 1:30:30]} 23. Nh5
{[%clk 1:30:30]} Re6 {[%clk 1:30:30]} 24. Bf5 {[%clk 1:30:30]} Rce8 {[%clk
1:30:30]} 25. e4 {[%clk 1:30:30]} Rxe4 {[%clk 1:30:30]} 26. Bxe4 {[%clk 1:30:30]}
Rxe4 {[%clk 1:30:30]} 27. Nxf6+ {[%clk 1:30:30]} 1-0

[Event "8th Arber Open"]
[Site "chess24.com"]
[Date "2019.07.27"]
[Round "1"]
[White "Rogge, Marloes"]
[Black "Neiss, Josef Martin"]
[Result "0-1"]
[Board "35"]
[WhiteElo "1483"]
[WhiteTeam "HOLLAND"]
[WhiteCountry "NED"]
[WhiteFideId "1066404"]
[WhiteEloChange "-2"]
[BlackElo "2041"]
[BlackTeam "SK Mering"]
[BlackCountry "GER"]
[BlackFideId "4643623"]
[BlackEloChange "2"]

1. e4 {[%clk 1:30:30]} Nc6 {[%clk 1:30:30]} 2. d4 {[%clk 1:30:30]} d5 {[%clk
1:30:30]} 3. Bb5 {[%clk 1:30:30]} a6 {[%clk 1:30:30]} 4. Bxc6+ {[%clk 1:30:30]}
bxc6 {[%clk 1:30:30]} 5. Nd2 {[%clk 1:30:30]} Nf6 {[%clk 1:30:30]} 6. e5 {[%clk
1:30:30]} Nd7 {[%clk 1:30:30]} 7. Ngf3 {[%clk 1:30:30]} e6 {[%clk 1:30:30]} 8.
O-O {[%clk 1:30:30]} Be7 {[%clk 1:30:30]} 9. Re1 {[%clk 1:30:30]} c5 {[%clk
1:30:30]} 10. c4 {[%clk 1:30:30]} O-O {[%clk 1:30:30]} 11. b3 {[%clk 1:30:30]}
cxd4 {[%clk 1:30:30]} 12. Nxd4 {[%clk 1:30:30]} Bb7 {[%clk 1:30:30]} 13. Bb2
{[%clk 1:30:30]} c5 {[%clk 1:30:30]} 14. N4f3 {[%clk 1:30:30]} d4 {[%clk
1:30:30]} 15. Ne4 {[%clk 1:30:30]} Qc7 {[%clk 1:30:30]} 16. Ng3 {[%clk 1:30:30]}
a5 {[%clk 1:30:30]} 17. Qe2 {[%clk 1:30:30]} Rfc8 {[%clk 1:30:30]} 18. Rad1
{[%clk 1:30:30]} a4 {[%clk 1:30:30]} 19. Bc1 {[%clk 1:30:30]} axb3 {[%clk
1:30:30]} 20. axb3 {[%clk 1:30:30]} Qc6 {[%clk 1:30:30]} 21. Qe4 {[%clk 1:30:30]}
Qxe4 {[%clk 1:30:30]} 22. Nxe4 {[%clk 1:30:30]} Bxe4 {[%clk 1:30:30]} 23. Rxe4
{[%clk 1:30:30]} Ra1 {[%clk 1:30:30]} 24. Ree1 {[%clk 1:30:30]} Rb8 {[%clk
1:30:30]} 25. Rd3 {[%clk 1:30:30]} h6 {[%clk 1:30:30]} 26. Bd2 {[%clk 1:30:30]}
Ra2 {[%clk 1:30:30]} 27. Rb1 {[%clk 1:30:30]} Nb6 {[%clk 1:30:30]} 28. Re1 {[%clk
1:30:30]} g5 {[%clk 1:30:30]} 29. h3 {[%clk 1:30:30]} Kg7 {[%clk 1:30:30]} 30.
Nh2 {[%clk 1:30:30]} Rb2 {[%clk 1:30:30]} 31. Bc1 {[%clk 1:30:30]} Rb1 {[%clk
1:30:30]} 32. Bd2 {[%clk 1:30:30]} Rb2 {[%clk 1:30:30]} 33. Bc1 {[%clk 1:30:30]}
Rc2 {[%clk 1:30:30]} 34. Nf3 {[%clk 1:30:30]} Ra8 {[%clk 1:30:30]} 35. Rd2 {[%clk
1:30:30]} Rc3 {[%clk 1:30:30]} 36. Bb2 {[%clk 1:30:30]} Rxb3 {[%clk 1:30:30]} 37.
Rc1 {[%clk 1:30:30]} Ra2 {[%clk 1:30:30]} 38. Rcc2 {[%clk 1:30:30]} Ra4 {[%clk
1:30:30]} 39. Nxd4 {[%clk 1:30:30]} cxd4 {[%clk 1:30:30]} 40. Rxd4 {[%clk
1:30:30]} Ra2 {[%clk 1:30:30]} 41. Rc3 {[%clk 1:30:30]} Raxb2 {[%clk 1:30:30]}
0-1

[Event "8th Arber Open"]
[Site "chess24.com"]
[Date "2019.07.27"]
[Round "1"]
[White "Palmi, Herbert"]
[Black "Krejci, Vera Marie"]
[Result "1-0"]
[Board "36"]
[WhiteElo "2056"]
[WhiteTeam "SC Bayerwald"]
[WhiteCountry "GER"]
[WhiteFideId "4679539"]
[WhiteEloChange "2"]
[BlackElo "1477"]
[BlackTeam "TSCHECHIEN"]
[BlackCountry "CZE"]
[BlackFideId "1651935"]
[BlackEloChange "-2"]

1. e4 {[%clk 1:30:30]} e6 {[%clk 1:30:30]} 2. b3 {[%clk 1:30:30]} d5 {[%clk
1:30:30]} 3. Bb2 {[%clk 1:30:30]} c5 {[%clk 1:30:30]} 4. exd5 {[%clk 1:30:30]}
exd5 {[%clk 1:30:30]} 5. d4 {[%clk 1:30:30]} Nf6 {[%clk 1:30:30]} 6. Nf3 {[%clk
1:30:30]} Be6 {[%clk 1:30:30]} 7. Bb5+ {[%clk 1:30:30]} Nbd7 {[%clk 1:30:30]} 8.
O-O {[%clk 1:30:30]} a6 {[%clk 1:30:30]} 9. Bd3 {[%clk 1:30:30]} c4 {[%clk
1:30:30]} 10. Be2 {[%clk 1:30:30]} Bd6 {[%clk 1:30:30]} 11. Ng5 {[%clk 1:30:30]}
b5 {[%clk 1:30:30]} 12. Nxe6 {[%clk 1:30:30]} fxe6 {[%clk 1:30:30]} 13. Bh5+
{[%clk 1:30:30]} g6 {[%clk 1:30:30]} 14. Bg4 {[%clk 1:30:30]} Kf7 {[%clk
1:30:30]} 15. Re1 {[%clk 1:30:30]} Re8 {[%clk 1:30:30]} 16. Bh3 {[%clk 1:30:30]}
Rc8 {[%clk 1:30:30]} 17. bxc4 {[%clk 1:30:30]} bxc4 {[%clk 1:30:30]} 18. c3
{[%clk 1:30:30]} Qa5 {[%clk 1:30:30]} 19. Nd2 {[%clk 1:30:30]} Rb8 {[%clk
1:30:30]} 20. Qc2 {[%clk 1:30:30]} e5 {[%clk 1:30:30]} 21. dxe5 {[%clk 1:30:30]}
Nxe5 {[%clk 1:30:30]} 22. Re3 {[%clk 1:30:30]} Qb6 {[%clk 1:30:30]} 23. Rb1
{[%clk 1:30:30]} Nd3 {[%clk 1:30:30]} 24. Ba3 {[%clk 1:30:30]} Qc7 {[%clk
1:30:30]} 25. Bxd6 {[%clk 1:30:30]} Qxd6 {[%clk 1:30:30]} 26. Rxe8 {[%clk
1:30:30]} Nxe8 {[%clk 1:30:30]} 27. Rxb8 {[%clk 1:30:30]} Qxb8 {[%clk 1:30:30]}
28. Bg4 {[%clk 1:30:30]} Qf4 {[%clk 1:30:30]} 29. Bf3 {[%clk 1:30:30]} Nc7 {[%clk
1:30:30]} 30. g3 {[%clk 1:30:30]} Qe5 {[%clk 1:30:30]} 31. Nf1 {[%clk 1:30:30]}
Nb5 {[%clk 1:30:30]} 32. Ne3 {[%clk 1:30:30]} Qxc3 {[%clk 1:30:30]} 33. Bxd5+
{[%clk 1:30:30]} Kg7 {[%clk 1:30:30]} 34. Qxc3+ {[%clk 1:30:30]} Nxc3 {[%clk
1:30:30]} 35. Bxc4 {[%clk 1:30:30]} Nc5 {[%clk 1:30:30]} 36. Nd5 {[%clk 1:30:30]}
Nxd5 {[%clk 1:30:30]} 37. Bxd5 {[%clk 1:30:30]} a5 {[%clk 1:30:30]} 38. f4 {[%clk
1:30:30]} Kf6 {[%clk 1:30:30]} 39. Kf2 {[%clk 1:30:30]} Kf5 {[%clk 1:30:30]} 40.
Ke3 {[%clk 1:30:30]} Kg4 {[%clk 1:30:30]} 41. Kd4 {[%clk 1:30:30]} Nd7 {[%clk
1:30:30]} 42. Be6+ {[%clk 1:30:30]} Kf3 {[%clk 1:30:30]} 43. Bxd7 {[%clk
1:30:30]} Kg2 {[%clk 1:30:30]} 44. g4 {[%clk 1:30:30]} Kxh2 {[%clk 1:30:30]} 45.
f5 {[%clk 1:30:30]} gxf5 {[%clk 1:30:30]} 46. gxf5 {[%clk 1:30:30]} h5 {[%clk
1:30:30]} 47. f6 {[%clk 1:30:30]} h4 {[%clk 1:30:30]} 48. f7 {[%clk 1:30:30]} h3
{[%clk 1:30:30]} 49. f8Q {[%clk 1:30:30]} Kg2 {[%clk 1:30:30]} 50. Bxh3+ {[%clk
1:30:30]} Kxh3 {[%clk 1:30:30]} 51. Qg7 {[%clk 1:30:30]} Kh2 {[%clk 1:30:30]} 52.
Ke3 {[%clk 1:30:30]} a4 {[%clk 1:30:30]} 53. Kf2 {[%clk 1:30:30]} a3 {[%clk
1:30:30]} 54. Qg2# {[%clk 1:30:30]} 1-0

[Event "8th Arber Open"]
[Site "chess24.com"]
[Date "2019.07.28"]
[Round "2"]
[White "Delchev, Aleksander"]
[Black "Jergler, Karl-Heinz"]
[Result "1-0"]
[Board "1"]
[WhiteElo "2571"]
[WhiteTitle "GM"]
[WhiteCountry "BUL"]
[WhiteFideId "2900394"]
[WhiteEloChange "1"]
[BlackElo "2094"]
[BlackCountry "GER"]
[BlackFideId "4644735"]
[BlackEloChange "-2"]

1. e4 {[%clk 1:29:55]} c5 {[%clk 1:30:55]} 2. Nf3 {[%clk 1:30:21]} Nc6 {[%clk
1:31:21]} 3. d4 {[%clk 1:30:47]} cxd4 {[%clk 1:31:47]} 4. Nxd4 {[%clk 1:31:13]}
g6 {[%clk 1:32:12]} 5. c4 {[%clk 1:31:37]} Nf6 {[%clk 1:32:35]} 6. Nc3 {[%clk
1:32:01]} d6 {[%clk 1:32:59]} 7. f3 {[%clk 1:32:19]} Nxd4 {[%clk 1:33:19]} 8.
Qxd4 {[%clk 1:32:44]} Bg7 {[%clk 1:33:43]} 9. Be3 {[%clk 1:33:09]} O-O {[%clk
1:34:03]} 10. Qd2 {[%clk 1:33:35]} Be6 {[%clk 1:34:16]} 11. Rc1 {[%clk 1:34:00]}
a6 {[%clk 1:34:24]} 12. b3 {[%clk 1:33:22]} Rc8 {[%clk 1:33:08]} 13. Bd3 {[%clk
1:31:10]} b5 {[%clk 1:24:16]} 14. cxb5 {[%clk 1:28:48]} axb5 {[%clk 1:23:43]} 15.
O-O {[%clk 1:17:03]} b4 {[%clk 0:55:44]} 16. Nb5 {[%clk 1:05:36]} Qa5 {[%clk
0:46:24]} 17. a3 {[%clk 1:03:18]} Bxb3 {[%clk 0:42:17]} 18. axb4 {[%clk 1:02:33]}
Qa2 {[%clk 0:36:53]} 19. Qxa2 {[%clk 1:02:47]} Bxa2 {[%clk 0:37:16]} 20. Na7
{[%clk 1:03:15]} Rxc1 {[%clk 0:24:04]} 21. Rxc1 {[%clk 1:03:41]} Be6 {[%clk
0:15:57]} 22. b5 {[%clk 0:52:45]} Nd7 {[%clk 0:13:35]} 23. Bc4 {[%clk 0:45:32]}
Nc5 {[%clk 0:05:24]} 24. Nc6 {[%clk 0:45:23]} Bf6 {[%clk 0:04:00]} 25. e5 {[%clk
0:43:04]} 1-0

[Event "8th Arber Open"]
[Site "chess24.com"]
[Date "2019.07.28"]
[Round "2"]
[White "Medunova, Vera"]
[Black "Mirzoev, Emil"]
[Result "0-1"]
[Board "2"]
[WhiteElo "2093"]
[WhiteTitle "WIM"]
[WhiteCountry "CZE"]
[WhiteFideId "315141"]
[WhiteEloChange "-2"]
[BlackElo "2493"]
[BlackTitle "IM"]
[BlackCountry "UKR"]
[BlackFideId "14108640"]
[BlackEloChange "1"]

1. e4 {[%clk 1:30:56]} c5 {[%clk 1:29:46]} 2. Nf3 {[%clk 1:31:00]} Nc6 {[%clk
1:30:05]} 3. d4 {[%clk 1:31:24]} cxd4 {[%clk 1:30:25]} 4. Nxd4 {[%clk 1:31:48]}
Nf6 {[%clk 1:30:13]} 5. Nc3 {[%clk 1:32:07]} d6 {[%clk 1:30:02]} 6. Be2 {[%clk
1:28:01]} e6 {[%clk 1:26:50]} 7. Be3 {[%clk 1:25:52]} Be7 {[%clk 1:26:53]} 8. O-O
{[%clk 1:23:35]} O-O {[%clk 1:27:19]} 9. f4 {[%clk 1:20:03]} a6 {[%clk 1:27:40]}
10. a4 {[%clk 1:13:44]} Qc7 {[%clk 1:26:40]} 11. Nb3 {[%clk 1:09:12]} b6 {[%clk
1:26:48]} 12. Bf3 {[%clk 1:07:36]} Bb7 {[%clk 1:26:51]} 13. Rf2 {[%clk 1:00:01]}
Rfd8 {[%clk 1:25:24]} 14. Qf1 {[%clk 0:46:39]} d5 {[%clk 1:19:56]} 15. exd5
{[%clk 0:42:28]} exd5 {[%clk 1:20:07]} 16. Rd1 {[%clk 0:42:37]} Nb4 {[%clk
1:17:29]} 17. Rfd2 {[%clk 0:39:59]} Bc5 {[%clk 1:10:07]} 18. Qf2 {[%clk 0:38:13]}
Rac8 {[%clk 1:09:55]} 19. Bd4 {[%clk 0:26:42]} Qe7 {[%clk 0:57:37]} 20. h3 {[%clk
0:18:26]} Bxd4 {[%clk 0:52:50]} 21. Rxd4 {[%clk 0:16:42]} Re8 {[%clk 0:51:50]}
22. Kh2 {[%clk 0:13:34]} a5 {[%clk 0:50:39]} 23. R4d2 {[%clk 0:10:30]} Qc7 {[%clk
0:46:52]} 24. g3 {[%clk 0:10:27]} Ne4 {[%clk 0:46:52]} 25. Bxe4 {[%clk 0:07:00]}
dxe4 {[%clk 0:47:12]} 26. Qe3 {[%clk 0:04:44]} Bc6 {[%clk 0:38:38]} 27. Nd4
{[%clk 0:03:41]} Rcd8 {[%clk 0:34:53]} 28. Nxc6 {[%clk 0:02:26]} Rxd2+ {[%clk
0:35:17]} 29. Rxd2 {[%clk 0:02:49]} Qxc6 {[%clk 0:35:46]} 30. Kg1 {[%clk
0:01:31]} h6 {[%clk 0:33:08]} 31. Kf2 {[%clk 0:01:37]} f5 {[%clk 0:33:14]} 32. h4
{[%clk 0:01:16]} Kh7 {[%clk 0:33:41]} 33. Ke2 {[%clk 0:00:56]} Nd3 {[%clk
0:31:42]} 34. Kf1 {[%clk 0:00:40]} Nxb2 {[%clk 0:32:01]} 35. Nd5 {[%clk 0:00:35]}
Nc4 {[%clk 0:32:17]} 0-1